Top 100 NFL Players (2022) - Statistics

General Stats
  • This quiz has been taken 110 times
  • The average score is 77 of 100
Answer Stats
# Player Team Position % Correct
1 Tom Brady Buccaneers QB
99%
3 Aaron Rodgers Packers QB
97%
4 Cooper Kupp Rams WR
96%
2 Aaron Donald Rams DE
95%
13 Josh Allen Bills QB
95%
7 Davante Adams Raiders WR
94%
88 Jonathan Allen Commanders DE
94%
8 Patrick Mahomes Chiefs QB
94%
12 Derrick Henry Titans RB
92%
24 Ja'Marr Chase Bengals WR
92%
71 Jason Kelce Eagles C
92%
21 Joe Burrow Bengals QB
92%
5 Jonathan Taylor Colts RB
92%
17 Justin Jefferson Vikings WR
92%
35 Keenan Allen Chargers WR
92%
6 T.J. Watt Steelers LB
92%
10 Travis Kelce Chiefs TE
92%
44 Dak Prescott Cowboys QB
91%
27 Matthew Stafford Rams QB
91%
15 Tyreek Hill Dolphins WR
91%
19 Deebo Samuel 49ers WR
90%
22 George Kittle 49ers TE
90%
9 Jalen Ramsey Rams CB
90%
20 J.C. Jackson Chargers CB
90%
36 Lamar Jackson Ravens QB
90%
11 Myles Garrett Browns DE
90%
62 Chandler Jones Raiders DE
88%
39 Chris Jones Chiefs DE
88%
31 Dalvin Cook Vikings RB
88%
40 Justin Herbert Chargers QB
88%
85 Mac Jones Patriots QB
88%
33 Nick Chubb Browns RB
88%
26 Stefon Diggs Bills WR
88%
37 DeAndre Hopkins Cardinals WR
87%
65 Derek Carr Raiders QB
87%
38 Joe Mixon Bengals RB
87%
57 Kyler Murray Cardinals QB
87%
72 Quandre Diggs Seahawks S
87%
23 Trevon Diggs Cowboys CB
87%
51 Alvin Kamara Saints RB
86%
32 Mark Andrews Ravens TE
86%
16 Micah Parsons Cowboys LB
86%
53 Mike Evans Buccaneers WR
86%
61 Russell Wilson Broncos QB
86%
30 Joey Bosa Chargers LB
85%
99 Kirk Cousins Vikings QB
85%
97 Leonard Williams Giants DE
85%
25 Nick Bosa 49ers DE
85%
14 Trent Williams 49ers OT
85%
94 Justin Tucker Ravens K
81%
46 Austin Ekeler Chargers RB
79%
95 CeeDee Lamb Cowboys WR
79%
47 Fred Warner 49ers LB
79%
63 Jaylen Waddle Dolphins WR
79%
84 Roquan Smith Bears LB
79%
92 Tyron Smith Cowboys OT
79%
43 Derwin James Chargers S
78%
29 Bobby Wagner Rams LB
77%
42 Cameron Heyward Steelers DE
74%
80 James Conner Cardinals RB
74%
91 Kyle Pitts Falcons TE
74%
28 Quenton Nelson Colts OG
74%
67 Budda Baker Cardinals S
73%
18 Shaquille Leonard Colts LB
73%
54 Jeffery Simmons Titans DT
72%
81 Justin Simmons Broncos S
72%
66 DeForest Buckner Colts DT
71%
56 Xavien Howard Dolphins CB
71%
69 Cameron Jordan Saints DE
69%
77 Darius Slay Eagles CB
69%
64 Devin White Buccaneers LB
69%
98 David Montgomery Bears RB
68%
59 Maxx Crosby Raiders DE
68%
73 Cordarrelle Patterson Falcons RB
67%
45 Jordan Poyer Bills S
67%
41 Tristan Wirfs Buccaneers OT
67%
93 Von Miller Bills LB
67%
34 Kevin Byard Titans S
65%
90 Odell Beckham Jr. Free Agent WR
65%
87 Denzel Ward Browns CB
64%
96 Jimmie Ward 49ers CB
64%
89 Marshon Lattimore Saints CB
64%
68 Zack Martin Cowboys OG
63%
50 Micah Hyde Bills S
62%
70 Tyrann Mathieu Saints S
60%
74 Demario Davis Saints OLB
59%
52 Matt Judon Patriots LB
59%
78 Trey Hendrickson Bengals DE
59%
76 Brian Burns Panthers DE
55%
58 Darren Waller Raiders TE
53%
75 Antoine Winfield Jr. Buccaneers S
50%
86 Shaquil Barrett Buccaneers LB
44%
60 Corey Linsley Chargers C
42%
100 Kyle Juszczyk 49ers FB
42%
79 Rashawn Slater Chargers OT
42%
48 Robert Quinn Bears DE
42%
82 Kenny Moore Colts CB
40%
49 De'Vondre Campbell Packers LB
38%
83 Wyatt Teller Browns OG
37%
55 Joel Bitonio Browns OG
29%
No matching quizzes found
Score Distribution
Percent of People with Each Score
Percentile by Number Answered
Your Score History
You have not taken this quiz